Statistics for The Easy Canada Quiz

Click here to take the quiz!

General Stats

  • This quiz has been taken 45,089 times
  • The average score is 12 of 20

Answer Stats

Hint Answer % Correct
Most popular sportIce Hockey
97%
Biggest cityToronto
92%
Object on the Canadian flagMaple Leaf
89%
Capital cityOttawa
89%
Majority French-speaking provinceQuebec
85%
National anthemO Canada
72%
Smallest provincePrince Edward Island
61%
National animalBeaver
59%
Host city of annual "Stampede"Calgary
58%
Most popular coffee chainTim Hortons
56%
Prime minister elected in 2015Justin Trudeau
55%
French fries, gravy and cheese curdsPoutine
55%
Slang name for 1 dollar coinLoonie
52%
Tallest free-standing structureCN Tower
51%
Holiday on the 2nd Monday in OctoberThanksgiving
49%
Slang for CanadianCanuck
49%
Nickname of the RCMPMounties
48%
Most famous national parkBanff
40%
Best-selling Canadian beerLabatt Blue
27%
Name for Canadian baconBack Bacon or
Peameal Bacon
24%

Score Distribution

Percentile by Number Answered

Percent of People with Each Score

Your Score History

You have not taken this quiz